000 00564nam a2200193Ia 4500
005 20260114185749.0
008 008 260114s9999 xx 000 0 eng d
020 _a9781350070745
037 _aEBOOK
040 _aCRL
_beng
_cCRL
041 _aeng
_2eng
084 _qCRL
100 _aJudy Attfield
_9874120
245 0 _aWild Things The Material Culture of Everyday Life
260 _bBloomsbury
_c2020
856 _uhttps://doi.org/10.5040/9781350070745?locatt=label:secondary_bloomsburyCollections
942 _cEBOOK
999 _c1473056
_d1473056